Mahajan's Methods in Biostatistics for Medical students and Research workers (Record no. 22711)

MARC details
000 -LEADER
fixed length control field 00459nam a22001697a 4500
003 - CONTROL NUMBER IDENTIFIER
control field SGT
020 ## - INTERNATIONAL STANDARD BOOK NUMBER
International Standard Book Number 9789352703104
082 ## - DEWEY DECIMAL CLASSIFICATION NUMBER
Classification number 610.72
Item number M18B
100 ## - MAIN ENTRY--PERSONAL NAME
Personal name Banerjee, Bratati
245 ## - TITLE STATEMENT
Title Mahajan's Methods in Biostatistics for Medical students and Research workers
250 ## - EDITION STATEMENT
Edition statement 9th
260 ## - PUBLICATION, DISTRIBUTION, ETC. (IMPRINT)
Place of publication, distribution, etc New Delhi, India
Name of publisher, distributor, etc Jaypee Brothers
Year of Publication 2018
300 ## - PAGE DESCRIPTION
No. of Pages 469
650 ## - SUBJECT ADDED ENTRY--TOPICAL TERM
Topical term or geographic name as entry element Biostatistics; Research
653 ## - KEYWORDS--INDEX TERM
Keyword term Biostatistics; Research
942 ## - ADDED ENTRY ELEMENTS (KOHA)
Source of classification or shelving scheme Dewey Decimal Classification
Koha item type Books
Holdings
Withdrawn status Lost status Source of classification or shelving scheme Damaged status Not for loan Home library Current library Date acquired Vendor Name Cost, normal purchase price SGTU Bill Number Total Checkouts Full call number Accession No. (Barcode) Date last seen Bill Date Koha item type
    Dewey Decimal Classification     SGT Dental Library SGT Dental Library 11/05/2022 Ahuja Book Co. Pvt. Ltd. 595.00 SGTU 14353   610.72 M18B FD8644 04/04/2023 16/04/2022 Books
    Dewey Decimal Classification     SGT Dental Library SGT Dental Library 11/05/2022 Ahuja Book Co. Pvt. Ltd. 595.00 SGTU 14353   610.72 M18B FD8645 11/05/2022 16/04/2022 Books